| 000 | 01111pam a2200361 a 4500 | ||
|---|---|---|---|
| 001 | 6403 | ||
| 003 | FISKH | ||
| 005 | 20250826105807.0 | ||
| 008 | 930921s1995 nyua j 000 1 eng | ||
| 010 | _a 93037902 | ||
| 020 | _a0671882392 | ||
| 020 | _a9780671882396 | ||
| 040 |
_aDLC _cDLC _dDLC _beng |
||
| 050 | _aPZ8.M8464 Z | ||
| 082 | _a813.6 | ||
| 100 | 1 | _aMoss, Lloyd. | |
| 245 | 1 | 0 |
_aZin! zin! zin! : _ba violin / _cby Lloyd Moss ; illustrated by Marjorie Priceman. |
| 250 | _aFirst Scholastic printing, October 1996 | ||
| 260 |
_aNew York : _bScholastic, _c1995. |
||
| 300 |
_a32 unnumbered pages : _bcolor illustrations ; _c28 cm. |
||
| 505 | _aG | ||
| 520 | _aTen instruments take their parts one by one in a musical performance. | ||
| 521 | 8 |
_a370
_bLexile Adjusted |
|
| 521 | 8 |
_aG _bRaz-Plus |
|
| 650 | 1 |
_aMusical instruments _xFiction. |
|
| 650 | 1 |
_aMusic _xFiction. |
|
| 650 | 1 | _aCounting. | |
| 650 | 1 | _aStories in rhyme. | |
| 700 | 1 |
_aPriceman, Marjorie, _eillustrator |
|
| 906 |
_a7 _bcbc _corignew _d1 _eocip _f19 _gy-gencatlg |
||
| 942 |
_2ddc _cBK _n0 |
||
| 999 |
_c6403 _d6403 |
||